| 000 | 01210naa a22003257a 4500 | ||
|---|---|---|---|
| 001 | BR6009786 | ||
| 003 | BR-BrBNA | ||
| 005 | 20240918173111.0 | ||
| 007 | ta | ||
| 008 | 230509b bl.||||| |||| 00| 0 por d | ||
| 040 |
_aBR-BrBNA _bpor _cBiblioteca Nacional de Agricultura |
||
| 041 | _a(Pt) | ||
| 072 |
_aE15 _b2110 |
||
| 090 | _aE15 BR6009786 | ||
| 100 | 1 | _aCosta, A. da S. | |
| 100 | 1 | _aPalacios, J.B. | |
| 111 | 1 |
_a7. Semana do Fazendeiro; 4. Encontro de Tecnicos e Fazendeiros _cUrucuca, BA (Brazil) _d19 Sep 1971 |
|
| 245 | 1 | _aCredito na CEPLAC [Comissao Executiva do Plano da Lavoura Cacaueira; Credito rural; Cacau; Theobroma cacao] | |
| 260 | 3 |
_aUrucuca, BA (Brasil): _c1971. |
|
| 500 | _a7. Semana do Fazendeiro e 4. Encontro de Tecnicos e Fazendeiros Urucuca, BA (Brasil): 1971. v. 1 p. 70-74 (BR6009786-AM)E15 | ||
| 650 | _aMicroeconomia | ||
| 650 | _aCacau | ||
| 650 | _aCredito rural | ||
| 650 | _aFinanciamento | ||
| 650 | _aInstituicao agricola | ||
| 650 | _aAgricultor | ||
| 773 | 0 |
_t7. Semana do Fazendeiro e 4. Encontro de Tecnicos e Fazendeiros _wE15 BR6009786 _gUrucuca, BA (Brasil), 1971. v. 1 p. 70-74 |
|
| 909 |
_a202404 _bLucia _c55 _dLucia Elande |
||
| 942 |
_cAM _2AGRIS |
||
| 999 |
_c302868 _d302868 |
||